000 00399cam a22001217a 4500
008 180718b2008 xxu||||| |||| 00| 0 eng d
082 _aA6x54 B469
245 _aA quarter century of service to India
_cedited by D.N. Bhalla...[et.al.]
260 _aNetherlands
_bFoundation for Critical Choices for India
_c2008
300 _a399p.
650 _aSocio-Economic Changes --India
700 _aBhalla, D.N.
999 _c495176
_d495176